[Event "Titled Tuesday intern op 06th Feb Early"]
[Site "Chess.com INT"]
[Date "2024.02.06"]
[Round "3"]
[White "Al Hosani, Omran"]
[Black "Aravindh, Chithambaram VR"]
[Result "0-1"]
[WhiteElo "2216"]
[BlackElo "2662"]
[PlyCount "56"]
[EventDate "2024.02.06"]
[EventType "swiss (blitz)"]
[EventRounds "11"]
[EventCountry "USA"]
[SourceTitle "CB07_2024"]
[SourceDate "2024.02.14"]
[SourceVersion "1"]
[SourceVersionDate "2024.02.14"]
[SourceQuality "1"]

1. d4 d5 2. c4 Nc6 3. Nc3 Nf6 4. Nf3 dxc4 5. d5 Na5 6. e4 c6 7. Be2 e6 8. d6 b5 9. e5 Nd5 10. Ne4 f5 11. Ng3 g6 12. h4 h6 13. Nd4 Bg7 14. f4 Qb6 15. Nf1 Nb7 16. Nf3 Bd7 17. h5 gxh5 18. Nh4 0-0-0 19. Rh3 Rhg8 20. Be3 Nxe3 21. Nxe3 Nc5 22. Ng6 Bf8 23. Bxh5 Rxg6 24. Bxg6 Nd3+ 25. Kf1 Nxf4 26. Bh5 Nxh3 27. Qd2 Ng5 28. Bf3 Bg7 0-1

[Event "Titled Tuesday intern op 06th Feb Early"]
[Site "Chess.com INT"]
[Date "2024.02.06"]
[Round "6"]
[White "Al Hosani, Omran"]
[Black "Maltsevskaya, Aleksandra"]
[Result "0-1"]
[WhiteElo "2216"]
[BlackElo "2374"]
[PlyCount "70"]
[EventDate "2024.02.06"]
[EventType "swiss (blitz)"]
[EventRounds "11"]
[EventCountry "USA"]
[SourceTitle "CB07_2024"]
[SourceDate "2024.02.14"]
[SourceVersion "1"]
[SourceVersionDate "2024.02.14"]
[SourceQuality "1"]

1. d4 Nf6 2. c4 g6 3. Nc3 Bg7 4. e4 d6 5. h3 0-0 6. Be3 e5 7. d5 a5 8. g4 Na6 9. Nge2 b6 10. Ng3 Nc5 11. Be2 Ne8 12. h4 f5 13. gxf5 gxf5 14. exf5 Bxf5 15. Nxf5 Rxf5 16. Qc2 Rf8 17. 0-0-0 Qf6 18. Rdg1 Kh8 19. h5 Bh6 20. Kb1 Bxe3 21. fxe3 Qh6 22. Rh3 Rf2 23. Nb5 a4 24. Rhg3 Nf6 25. Nxc7 Rc8 26. Ne6 a3 27. b4 Nce4 28. R3g2 Rxg2 29. Rxg2 Qxe3 30. Bd3 Qe1+ 31. Qc1 Qxb4+ 32. Ka1 b5 33. Qf1 Qc3+ 34. Kb1 bxc4 35. Bxc4 Rxc4 0-1

[Event "Abu Dhabi op 29th"]
[Site "Abu Dhabi"]
[Date "2023.08.20"]
[Round "5"]
[White "Padmini, Rout"]
[Black "Al Hosani, Omran"]
[Result "1/2-1/2"]
[WhiteElo "2351"]
[BlackElo "2225"]
[PlyCount "64"]
[EventDate "2023.08.16"]
[EventType "swiss"]
[EventRounds "9"]
[EventCountry "UAE"]
[SourceTitle "EXT 2024"]
[Source "ChessBase"]
[SourceDate "2023.10.10"]
[SourceVersion "1"]
[SourceVersionDate "2023.10.10"]
[SourceQuality "1"]

1. Nf3 d5 2. d4 Nd7 3. Bf4 Nb6 4. e3 Bf5 5. c3 e6 6. Nbd2 h6 7. Be2 Nf6 8. h3 Be7 9. Ne5 Bh7 10. Bh2 0-0 11. 0-0 c5 12. a4 Nbd7 13. Nd3 c4 14. Ne1 Qb6 15. b3 cxb3 16. a5 Qd8 17. Qxb3 Qc8 18. Nef3 Bd8 19. Bd6 Re8 20. c4 Bc7 21. c5 Qb8 22. Rfc1 Bxd6 23. cxd6 Qxd6 24. Qxb7 Reb8 25. Qc7 Qb4 26. Ba6 Qb2 27. Qc3 Ne8 28. Qxb2 Rxb2 29. Rc6 Kf8 30. Rac1 Rab8 31. Bc8 Ndf6 32. Nf1 Ra2 1/2-1/2

[Event "Abu Dhabi op 29th"]
[Site "Abu Dhabi"]
[Date "2023.08.19"]
[Round "4"]
[White "Banh, Gia Huy"]
[Black "Al Hosani, Omran"]
[Result "1-0"]
[WhiteElo "2391"]
[BlackElo "2225"]
[PlyCount "95"]
[EventDate "2023.08.16"]
[EventType "swiss"]
[EventRounds "9"]
[EventCountry "UAE"]
[SourceTitle "EXT 2024"]
[Source "ChessBase"]
[SourceDate "2023.10.10"]
[SourceVersion "1"]
[SourceVersionDate "2023.10.10"]
[SourceQuality "1"]

1. e4 c5 2. Nf3 e6 3. g3 Nc6 4. Bg2 Nf6 5. Qe2 e5 6. 0-0 Be7 7. c3 d6 8. d3 0-0 9. Na3 Re8 10. Nc4 h6 11. Ne3 Bf8 12. Nh4 Be6 13. f4 exf4 14. gxf4 d5 15. e5 Nh7 16. Nf3 d4 17. Nc4 Bf5 18. Rd1 Be7 19. cxd4 cxd4 20. Ncd2 Nf8 21. Ne4 Qd7 22. Bd2 Ng6 23. Kh1 Rac8 24. Qf2 a5 25. a3 Red8 26. Rac1 a4 27. Qf1 Be6 28. Kg1 Bg4 29. Re1 b6 30. Ng3 Nh4 31. Nxh4 Bxh4 32. f5 Ne7 33. f6 Ng6 34. fxg7 Rxc1 35. Bxc1 Kxg7 36. Re4 Rc8 37. e6 Bxe6 38. Nh5+ Kf8 39. Bxh6+ Ke7 40. Rxh4 Nxh4 41. Qf6+ Kd6 42. Qxd4+ Kc7 43. Bf4+ Kd8 44. Qxb6+ Ke7 45. Qb4+ Kd8 46. Qf8+ Qe8 47. Bg5+ Kc7 48. Qc5+ 1-0

[Event "Timisoara Foisor Memorial Rapid"]
[Site "Timisoara"]
[Date "2023.08.06"]
[Round "8"]
[White "Grigoriants, Sergey"]
[Black "Al Hosani, Omran"]
[Result "1-0"]
[WhiteElo "2562"]
[BlackElo "2225"]
[PlyCount "85"]
[EventDate "2023.08.05"]
[EventType "swiss (rapid)"]
[EventRounds "10"]
[EventCountry "ROU"]
[SourceTitle "CBM 215 Extra"]
[Source "ChessBase"]
[SourceDate "2023.09.30"]
[SourceVersion "1"]
[SourceVersionDate "2023.09.30"]
[SourceQuality "1"]

1. d4 Nf6 2. c4 g6 3. Nc3 d5 4. Bf4 Bg7 5. e3 0-0 6. Rc1 dxc4 7. Bxc4 c5 8. Nge2 Nc6 9. dxc5 Qa5 10. 0-0 Rd8 11. Qb3 Rf8 12. Qb5 e5 13. Bg3 Qc7 14. Nd5 Nxd5 15. Bxd5 Bd7 16. Qb3 Rad8 17. Nc3 Na5 18. Qa3 Bc6 19. e4 Bh6 20. b4 Bxc1 21. Rxc1 Kg7 22. Qxa5 Qxa5 23. bxa5 f6 24. f3 a6 25. Rb1 Rc8 26. Bf2 Rc7 27. Rb6 Rd8 28. Kf1 Kf8 29. Ke2 Kg7 30. Be3 h5 31. h4 Kh7 32. Bxc6 bxc6 33. Rxa6 Kg7 34. Rb6 Kf7 35. a4 Ke7 36. Na2 Kd7 37. Nb4 Ra8 38. a6 Rac8 39. f4 Re8 40. Kf3 f5 41. fxe5 Rf8 42. exf5 Rxf5+ 43. Bf4 1-0

[Event "Titled Tuesday intern op 25th Jul Late"]
[Site "Chess.com INT"]
[Date "2023.07.25"]
[Round "1"]
[White "Al Hosani, Omran"]
[Black "Osiecki, Stanislaw"]
[Result "1-0"]
[WhiteElo "2225"]
[BlackElo "1981"]
[PlyCount "59"]
[EventDate "2023.07.25"]
[EventType "swiss (blitz)"]
[EventRounds "11"]
[EventCountry "USA"]
[SourceTitle "EXT 2024"]
[Source "ChessBase"]
[SourceDate "2023.10.10"]
[SourceVersion "1"]
[SourceVersionDate "2023.10.10"]
[SourceQuality "1"]

1. e4 e6 2. d4 d5 3. Nc3 Bb4 4. e5 c5 5. a3 Bxc3+ 6. bxc3 Qc7 7. Ne2 Ne7 8. g4 0-0 9. Bg2 cxd4 10. cxd4 b6 11. 0-0 Ba6 12. Re1 Nbc6 13. Ng3 Rac8 14. Nh5 Nd8 15. Bh6 gxh6 16. Qd2 Qxc2 17. Qxh6 Qg6 18. Nf6+ Kh8 19. Qxf8+ Ng8 20. Rac1 Nc6 21. Qd6 Nxd4 22. Rxc8 Bxc8 23. Qb8 Ba6 24. Qxa7 Ne2+ 25. Kh1 Bc4 26. Qxb6 Nxf6 27. exf6 Qxf6 28. a4 d4 29. Qc5 Qxf2 30. Qf8# 1-0

[Event "Titled Tuesday intern op 06th Jun Late"]
[Site "Chess.com INT"]
[Date "2023.06.06"]
[Round "5"]
[White "Al Hosani, Omran"]
[Black "Gadimbayli, Abdulla Azar"]
[Result "0-1"]
[WhiteElo "2254"]
[BlackElo "2483"]
[PlyCount "74"]
[EventDate "2023.06.06"]
[EventType "swiss (blitz)"]
[EventRounds "11"]
[EventCountry "USA"]
[SourceTitle "EXT 2024"]
[Source "ChessBase"]
[SourceDate "2023.10.10"]
[SourceVersion "1"]
[SourceVersionDate "2023.10.10"]
[SourceQuality "1"]

1. e4 c5 2. Nf3 d6 3. Bb5+ Bd7 4. Bd3 Nc6 5. c3 g6 6. 0-0 Bg7 7. Bc2 e5 8. Re1 Nge7 9. d3 0-0 10. Nbd2 h6 11. Rb1 Be6 12. Bb3 Kh7 13. Nf1 d5 14. Ng3 Qd7 15. Qe2 d4 16. cxd4 Bxb3 17. axb3 cxd4 18. Bd2 a5 19. Rec1 Qe6 20. Qd1 f5 21. h4 f4 22. Nf1 Bf6 23. Rc4 Rf7 24. Ra1 Rg8 25. Bxa5 g5 26. hxg5 Bxg5 27. Bc7 Bf6 28. Ne1 Ng6 29. Qh5 Rxc7 30. Nf3 Rcg7 31. b4 Nh4 32. Nxh4 Bxh4 33. g3 Qh3 34. b5 fxg3 35. fxg3 Rxg3+ 36. Nxg3 Qxg3+ 37. Kf1 Qf2# 0-1

[Event "Titled Tuesday intern op 06th Jun Late"]
[Site "Chess.com INT"]
[Date "2023.06.06"]
[Round "4"]
[White "Eidelman, Gabriel"]
[Black "Al Hosani, Omran"]
[Result "0-1"]
[WhiteElo "2209"]
[BlackElo "2254"]
[PlyCount "76"]
[EventDate "2023.06.06"]
[EventType "swiss (blitz)"]
[EventRounds "11"]
[EventCountry "USA"]
[SourceTitle "EXT 2024"]
[Source "ChessBase"]
[SourceDate "2023.10.10"]
[SourceVersion "1"]
[SourceVersionDate "2023.10.10"]
[SourceQuality "1"]

1. Nc3 c5 2. e4 Nc6 3. f4 d6 4. Nf3 g6 5. g3 Bg7 6. Bg2 Nh6 7. 0-0 0-0 8. d3 f5 9. h3 e6 10. Be3 Nd4 11. Rb1 Rb8 12. Ne2 Nc6 13. c3 b5 14. b4 cxb4 15. cxb4 Bd7 16. Qb3 Kh8 17. Rfc1 a5 18. a3 axb4 19. axb4 Ra8 20. Nfd4 Nxd4 21. Bxd4 e5 22. Be3 Rc8 23. fxe5 dxe5 24. d4 fxe4 25. Bxe4 Bxh3 26. dxe5 Rxc1+ 27. Rxc1 Ng4 28. Bc5 Qd2 29. Bxf8 Bxf8 30. Qd3 Bxb4 31. Qxd2 Bxd2 32. Rc8+ Kg7 33. Nf4 Nxe5 34. Rc7+ Kh6 35. Kf2 b4 36. Ke2 Bc3 37. Nd5 Bg4+ 38. Ke3 Be1 0-1

[Event "Dubai op-A 23rd"]
[Site "Dubai"]
[Date "2023.05.30"]
[Round "4"]
[White "Al Hosani, Omran"]
[Black "Eric, Jovana"]
[Result "1/2-1/2"]
[WhiteElo "2270"]
[BlackElo "2217"]
[PlyCount "83"]
[EventDate "2023.05.27"]
[EventType "swiss"]
[EventRounds "9"]
[EventCountry "UAE"]
[SourceTitle "CBM 214 Extra"]
[Source "ChessBase"]
[SourceDate "2023.07.31"]
[SourceVersion "1"]
[SourceVersionDate "2023.07.31"]
[SourceQuality "1"]

1. e4 e5 2. Nf3 Nc6 3. Bb5 a6 4. Ba4 Nf6 5. 0-0 Be7 6. Re1 b5 7. Bb3 d6 8. c3 0-0 9. h3 Nb8 10. d4 Nbd7 11. Nbd2 Bb7 12. Bc2 Re8 13. Nf1 Bf8 14. Ng3 g6 15. Bg5 h6 16. Bd2 Bg7 17. a4 c5 18. d5 c4 19. Be3 Qc7 20. Qd2 Kh7 21. Nh2 h5 22. Nf3 Nc5 23. Ng5+ Kg8 24. a5 Nh7 25. Nf3 Bc8 26. Bh6 Qe7 27. Bxg7 Kxg7 28. Nh2 Qg5 29. Re3 h4 30. Ngf1 Bd7 31. Nf3 Qf4 32. Re2 Qxd2 33. N1xd2 g5 34. Nf1 f6 35. Ne3 Nf8 36. Nf5+ Bxf5 37. exf5 Rab8 38. Nd2 Nfd7 39. g3 Rh8 40. Kg2 Kf7 41. Rae1 Rbg8 42. Nf3 1/2-1/2

[Event "Titled Tuesday intern op 30th May Late"]
[Site "Chess.com INT"]
[Date "2023.05.30"]
[Round "3"]
[White "Tarasova, Viktoriya"]
[Black "Al Hosani, Omran"]
[Result "1/2-1/2"]
[WhiteElo "2226"]
[BlackElo "2270"]
[PlyCount "103"]
[EventDate "2023.05.30"]
[EventType "swiss (blitz)"]
[EventRounds "11"]
[EventCountry "USA"]
[SourceTitle "CBM 214 Extra"]
[Source "ChessBase"]
[SourceDate "2023.07.31"]
[SourceVersion "1"]
[SourceVersionDate "2023.07.31"]
[SourceQuality "1"]

1. d4 c5 2. d5 Nf6 3. Nc3 e6 4. e4 d6 5. Nf3 g6 6. Bb5+ Bd7 7. a4 exd5 8. exd5 Bg7 9. 0-0 0-0 10. Bf4 Bxb5 11. Nxb5 Ne4 12. c3 a6 13. Na3 Re8 14. Re1 Nd7 15. Nc4 Nb6 16. Qd3 Nxc4 17. Qxc4 f5 18. Nd2 Nxd2 19. Bxd2 Qd7 20. a5 Rxe1+ 21. Rxe1 Re8 22. Re6 Kf7 23. Rxe8 Qxe8 24. h3 Qb5 25. Qxb5 axb5 26. b4 c4 27. f4 h6 28. h4 g5 29. hxg5 hxg5 30. g3 gxf4 31. gxf4 Kg6 32. Kg2 Kh5 33. Kh3 Bf6 34. Kg3 Bh4+ 35. Kh3 Bf2 36. Kg2 Bh4 37. Kh3 Bf6 38. Kg3 Bd8 39. Kh3 Bc7 40. Kg3 Bb8 41. Kh3 Ba7 42. Kg3 Bg1 43. Kh3 Kg6 44. Kg3 Kf6 45. Kg2 Ba7 46. Kh3 Kg6 47. Kg3 Kg7 48. Kh3 Kh6 49. Kh4 Bf2+ 50. Kh3 Kh5 51. Kg2 Bh4 52. Kh3 1/2-1/2

[Event "Dubai op-A 23rd"]
[Site "Dubai"]
[Date "2023.05.29"]
[Round "3"]
[White "Injac, Teodora"]
[Black "Al Hosani, Omran"]
[Result "1-0"]
[WhiteElo "2402"]
[BlackElo "2270"]
[PlyCount "113"]
[EventDate "2023.05.27"]
[EventType "swiss"]
[EventRounds "9"]
[EventCountry "UAE"]
[SourceTitle "CBM 214 Extra"]
[Source "ChessBase"]
[SourceDate "2023.07.31"]
[SourceVersion "1"]
[SourceVersionDate "2023.07.31"]
[SourceQuality "1"]

1. d4 d5 2. Nf3 Nf6 3. Bf4 Bf5 4. c4 c6 5. Qb3 Qb6 6. c5 Qxb3 7. axb3 a6 8. Nc3 Nbd7 9. b4 Rc8 10. h3 h6 11. Nd2 Ne4 12. g4 Nxd2 13. gxf5 Nxf1 14. Kxf1 Nf6 15. Rg1 Rg8 16. Na4 Nd7 17. Bxh6 Rh8 18. Bxg7 Rxh3 19. Bxf8 Kxf8 20. Ra3 Rh4 21. Rag3 Nf6 22. e3 Rh5 23. Rg5 Rxg5 24. Rxg5 Ne4 25. Rg1 f6 26. Ke2 Kf7 27. f3 Ng5 28. Rh1 Kg7 29. Nc3 Rd8 30. Kf2 Kg8 31. Nb1 Kg7 32. Nd2 Rd7 33. Nb3 Kg8 34. Kg3 Kg7 35. Kf4 Kg8 36. e4 Rd8 37. Ke3 Kg7 38. Nc1 dxe4 39. fxe4 e6 40. fxe6 Nxe6 41. Ne2 Ng5 42. Ng3 Kg6 43. Nf5 Ra8 44. Rh6+ Kf7 45. Nd6+ Kg7 46. Rh1 a5 47. b5 cxb5 48. Nxb5 Kg6 49. Kd3 a4 50. Ra1 Rh8 51. Nd6 Rh3+ 52. Kc4 Rb3 53. Rxa4 Rxb2 54. Rb4 Rd2 55. Rxb7 Nf3 56. Nf5 Rc2+ 57. Kd5 1-0

[Event "Dubai op-A 23rd"]
[Site "Dubai"]
[Date "2023.05.27"]
[Round "1"]
[White "Al Hosani, Omran"]
[Black "Aditya, Mittal"]
[Result "0-1"]
[WhiteElo "2270"]
[BlackElo "2522"]
[PlyCount "69"]
[EventDate "2023.05.27"]
[EventType "swiss"]
[EventRounds "9"]
[EventCountry "UAE"]
[SourceTitle "CBM 214 Extra"]
[Source "ChessBase"]
[SourceDate "2023.07.31"]
[SourceVersion "1"]
[SourceVersionDate "2023.07.31"]
[SourceQuality "1"]

1. d4 Nf6 2. c4 e6 3. Nc3 Bb4 4. a3 Bxc3+ 5. bxc3 b6 6. f3 Nc6 7. e4 Na5 8. e5 Ng8 9. f4 Ba6 10. Nf3 Ne7 11. Bd3 Bxc4 12. Bxc4 Nxc4 13. Qd3 b5 14. 0-0 d6 15. Ra2 a6 16. g4 h5 17. h3 hxg4 18. hxg4 dxe5 19. fxe5 Qd5 20. Rg2 c5 21. Ng5 Nxe5 22. Qe4 Qxe4 23. Nxe4 Nc4 24. Nxc5 Nd5 25. Rf3 Ke7 26. Rgf2 f6 27. g5 Rh5 28. Rg2 Rah8 29. gxf6+ gxf6 30. Rg7+ Kd6 31. Bf4+ Nxf4 32. Rxf4 f5 33. Rd7+ Kc6 34. Rg7 e5 35. Rf2 0-1

[Event "Titled Tuesday intern op 16th May Late"]
[Site "Chess.com INT"]
[Date "2023.05.16"]
[Round "7"]
[White "Al Hosani, Omran"]
[Black "Yeritsyan, Hayk"]
[Result "0-1"]
[WhiteElo "2270"]
[BlackElo "2241"]
[PlyCount "92"]
[EventDate "2023.05.16"]
[EventType "swiss (blitz)"]
[EventRounds "11"]
[EventCountry "USA"]
[SourceTitle "CBM 214 Extra"]
[Source "ChessBase"]
[SourceDate "2023.07.31"]
[SourceVersion "1"]
[SourceVersionDate "2023.07.31"]
[SourceQuality "1"]

1. e4 c6 2. d4 d5 3. e5 c5 4. c3 Nc6 5. Nf3 cxd4 6. cxd4 Bg4 7. Be2 e6 8. Be3 Nge7 9. 0-0 Nf5 10. Nc3 Be7 11. Qb3 a6 12. Rfd1 0-0 13. h3 Bxf3 14. Bxf3 Na5 15. Qc2 Rc8 16. Bf4 Qb6 17. Nxd5 Rxc2 18. Nxb6 Rxb2 19. Bd2 Bb4 20. Bc1 Rc2 21. Be4 Rc7 22. d5 Bc3 23. Rb1 Bxe5 24. Bxf5 exf5 25. d6 Rc6 26. d7 Rd8 27. Ba3 Bc7 28. Nd5 Kh8 29. Bb4 Nc4 30. Be7 Rxd7 31. Nxc7 Rcxc7 32. Bh4 h6 33. Re1 Kh7 34. Bg3 Rc6 35. Re8 b5 36. h4 h5 37. Rbe1 Kg6 38. Rh8 Nd6 39. Ra8 Ne4 40. Bf4 f6 41. f3 Nc5 42. Ree8 Ne6 43. Rac8 Rxc8 44. Rxc8 Nxf4 45. Kf2 Ne6 46. Rc6 Kf7 0-1

[Event "Titled Tuesday intern op 16th May Late"]
[Site "Chess.com INT"]
[Date "2023.05.16"]
[Round "1"]
[White "Dylag, Emilia"]
[Black "Al Hosani, Omran"]
[Result "0-1"]
[WhiteElo "2095"]
[BlackElo "2270"]
[PlyCount "102"]
[EventDate "2023.05.16"]
[EventType "swiss (blitz)"]
[EventRounds "11"]
[EventCountry "USA"]
[SourceTitle "CBM 214 Extra"]
[Source "ChessBase"]
[SourceDate "2023.07.31"]
[SourceVersion "1"]
[SourceVersionDate "2023.07.31"]
[SourceQuality "1"]

1. d4 d5 2. c4 dxc4 3. e4 e5 4. Nf3 exd4 5. Bxc4 Nc6 6. 0-0 Be6 7. Bb5 Bc5 8. Qc2 Bb6 9. Bxc6+ bxc6 10. Qxc6+ Bd7 11. Qc4 Be6 12. Qc6+ Bd7 13. Qc4 c5 14. b4 Be6 15. Qb5+ Bd7 16. Qc4 Rc8 17. Bg5 f6 18. Bf4 cxb4 19. Qxb4 Bc5 20. Qb3 Ne7 21. Nbd2 Qb6 22. e5 Qxb3 23. Nxb3 Nd5 24. Bg3 d3 25. Rad1 Bb5 26. Rc1 Nc3 27. Rxc3 Bxf2+ 28. Bxf2 Rxc3 29. exf6 gxf6 30. Bd4 Rc2 31. Bxf6 0-0 32. Nfd4 d2 33. Rd1 Rxa2 34. Nxb5 Rxf6 35. Rxd2 Rxd2 36. Nxd2 a6 37. Na3 a5 38. Ndc4 a4 39. g3 Kg7 40. Kg2 h5 41. Nc2 Rc6 42. N4a3 Rc3 43. Kf2 Kf6 44. h3 Kg5 45. Kg2 h4 46. g4 Rg3+ 47. Kh2 Kf4 48. Nc4 Rc3 49. N2a3 Kf3 50. Kh1 Kg3 51. g5 Rc1# 0-1

[Event "Titled Tuesday intern op 09th May Late"]
[Site "Chess.com INT"]
[Date "2023.05.09"]
[Round "8"]
[White "Al Hosani, Omran"]
[Black "Holt, Conrad"]
[Result "0-1"]
[WhiteElo "2270"]
[BlackElo "2540"]
[PlyCount "56"]
[EventDate "2023.05.09"]
[EventType "swiss (blitz)"]
[EventRounds "11"]
[EventCountry "USA"]
[SourceTitle "CBM 214 Extra"]
[Source "ChessBase"]
[SourceDate "2023.07.31"]
[SourceVersion "1"]
[SourceVersionDate "2023.07.31"]
[SourceQuality "1"]

1. d4 d5 2. c4 c6 3. Nc3 dxc4 4. e4 b5 5. Nf3 Nf6 6. e5 Nd5 7. Be2 Bf5 8. 0-0 e6 9. a4 b4 10. Nb1 c3 11. Qb3 cxb2 12. Bxb2 Be7 13. Nbd2 0-0 14. a5 Nd7 15. Rfc1 c5 16. Bc4 Nf4 17. Qe3 Bg5 18. Nxg5 Qxg5 19. Qg3 Ne2+ 20. Bxe2 Qxd2 21. Bf3 Qxb2 22. Bxa8 Rxa8 23. dxc5 Nxc5 24. Qf3 Rf8 25. Rd1 Nb3 26. Ra4 Nd4 27. Qe3 Ne2+ 28. Kh1 Nc3 0-1

[Event "Titled Tuesday intern op 09th May Late"]
[Site "Chess.com INT"]
[Date "2023.05.09"]
[Round "4"]
[White "Al Hosani, Omran"]
[Black "Seletsky, Grigory"]
[Result "1-0"]
[WhiteElo "2270"]
[BlackElo "2259"]
[PlyCount "49"]
[EventDate "2023.05.09"]
[EventType "swiss (blitz)"]
[EventRounds "11"]
[EventCountry "USA"]
[SourceTitle "CBM 214 Extra"]
[Source "ChessBase"]
[SourceDate "2023.07.31"]
[SourceVersion "1"]
[SourceVersionDate "2023.07.31"]
[SourceQuality "1"]

1. d4 d6 2. e4 Nf6 3. Nc3 e5 4. Nf3 Nbd7 5. Be2 Be7 6. 0-0 0-0 7. Re1 c6 8. a4 a5 9. Bc4 Qc7 10. h3 h6 11. Qe2 Re8 12. Ba2 Nf8 13. Be3 Ng6 14. Rad1 Bf8 15. Qc4 Be6 16. d5 Bd7 17. Nd2 Nh5 18. Nb5 Qd8 19. dxc6 Be6 20. c7 Qd7 21. Qc3 Bxa2 22. b3 Nhf4 23. Bxf4 Nxf4 24. Nc4 Qxc7 25. Nxc7 1-0

[Event "Titled Tuesday intern op 09th May Early"]
[Site "Chess.com INT"]
[Date "2023.05.09"]
[Round "6"]
[White "Orzech, Dominik"]
[Black "Al Hosani, Omran"]
[Result "0-1"]
[WhiteElo "2308"]
[BlackElo "2270"]
[PlyCount "106"]
[EventDate "2023.05.09"]
[EventType "swiss (blitz)"]
[EventRounds "11"]
[EventCountry "USA"]
[SourceTitle "CBM 214 Extra"]
[Source "ChessBase"]
[SourceDate "2023.07.31"]
[SourceVersion "1"]
[SourceVersionDate "2023.07.31"]
[SourceQuality "1"]

1. d4 d5 2. Nf3 Nd7 3. c4 dxc4 4. e4 Nb6 5. Nbd2 e6 6. Nxc4 Nf6 7. Ncd2 Be7 8. Qc2 0-0 9. Be2 Bd7 10. 0-0 Rc8 11. Nb3 Ba4 12. Rd1 Qe8 13. Be3 Bb5 14. Nc5 Bxe2 15. Qxe2 Rb8 16. Rac1 Nbd7 17. Nxd7 Qxd7 18. Ne5 Qd8 19. d5 exd5 20. exd5 Bd6 21. Nc4 Re8 22. h3 a6 23. Qf3 Ne4 24. Ba7 Ra8 25. Bd4 Qg5 26. Re1 Nd2 27. Nxd2 Qxd2 28. Bc3 Qg5 29. g3 h6 30. h4 Qg6 31. Kg2 h5 32. Re3 Rxe3 33. Qxe3 Qf5 34. Qd4 f6 35. Re1 Rd8 36. Qc4 Bf8 37. d6+ Kh7 38. dxc7 Rc8 39. Qf7 Bd6 40. Re7 Bxe7 41. Qxe7 Qd5+ 42. Kh2 Qc6 43. Qf7 Rxc7 44. Qxh5+ Kg8 45. Qg6 Qc5 46. Kg2 Qd5+ 47. Kg1 Re7 48. h5 Qd1+ 49. Kg2 Qd5+ 50. Kg1 Qg5 51. Qd3 Qxh5 52. Qd8+ Qe8 53. Qc7 Rxc7 0-1

[Event "Titled Tuesday intern op 09th May Late"]
[Site "Chess.com INT"]
[Date "2023.05.09"]
[Round "10"]
[White "Prohaszka, Peter"]
[Black "Al Hosani, Omran"]
[Result "0-1"]
[WhiteElo "2585"]
[BlackElo "2270"]
[PlyCount "68"]
[EventDate "2023.05.09"]
[EventType "swiss (blitz)"]
[EventRounds "11"]
[EventCountry "USA"]
[SourceTitle "CBM 214 Extra"]
[Source "ChessBase"]
[SourceDate "2023.07.31"]
[SourceVersion "1"]
[SourceVersionDate "2023.07.31"]
[SourceQuality "1"]

1. d4 d5 2. c3 c5 3. dxc5 e6 4. e4 Bxc5 5. exd5 Nf6 6. Bb5+ Bd7 7. Bxd7+ Qxd7 8. Nf3 Qxd5 9. 0-0 0-0 10. Bg5 Ne4 11. Qxd5 exd5 12. Nbd2 Nc6 13. Nb3 Bb6 14. a4 a6 15. Rad1 f6 16. Be3 Bxe3 17. fxe3 Rad8 18. Nfd4 Rfe8 19. Rfe1 Ne5 20. Re2 g6 21. Nc1 Nc5 22. a5 Nc4 23. Rde1 Re4 24. Ncb3 Nd3 25. Rb1 Rde8 26. Nd2 Rxe3 27. Rxe3 Rxe3 28. Nf1 Re5 29. b4 Nf4 30. b5 axb5 31. Rxb5 Re1 32. Kf2 Nd3+ 33. Kg3 Rxf1 34. Rxb7 Nxa5 0-1

[Event "Titled Tuesday intern op 09th May Early"]
[Site "Chess.com INT"]
[Date "2023.05.09"]
[Round "3"]
[White "Sargissyan, Sargis"]
[Black "Al Hosani, Omran"]
[Result "0-1"]
[WhiteElo "2234"]
[BlackElo "2270"]
[PlyCount "56"]
[EventDate "2023.05.09"]
[EventType "swiss (blitz)"]
[EventRounds "11"]
[EventCountry "USA"]
[SourceTitle "CBM 214 Extra"]
[Source "ChessBase"]
[SourceDate "2023.07.31"]
[SourceVersion "1"]
[SourceVersionDate "2023.07.31"]
[SourceQuality "1"]

1. e4 e5 2. Nf3 Nc6 3. Bb5 a6 4. Ba4 Nf6 5. d3 b5 6. Bb3 Be7 7. Nc3 0-0 8. a4 Rb8 9. axb5 axb5 10. 0-0 d6 11. Nd5 Bg4 12. c3 Re8 13. h3 Bh5 14. Nxf6+ Bxf6 15. g4 Bg6 16. Kg2 h6 17. Ra6 Qd7 18. Be3 Ne7 19. Rg1 c5 20. Kh2 c4 21. Bc2 d5 22. exd5 Qxd5 23. dxc4 Qb7 24. Ra7 Bxc2 25. Qxc2 Qxf3 26. cxb5 e4 27. b6 Be5+ 28. Rg3 Bxg3+ 0-1

[Event "Titled Tuesday intern op 02nd May Early"]
[Site "Chess.com INT"]
[Date "2023.05.02"]
[Round "1"]
[White "Castillo Pena, Patricia Evarista"]
[Black "Al Hosani, Omran"]
[Result "0-1"]
[WhiteElo "1783"]
[BlackElo "2270"]
[PlyCount "90"]
[EventDate "2023.05.02"]
[EventType "swiss (blitz)"]
[EventRounds "11"]
[EventCountry "USA"]
[SourceTitle "EXT 2024"]
[Source "ChessBase"]
[SourceDate "2023.10.10"]
[SourceVersion "1"]
[SourceVersionDate "2023.10.10"]
[SourceQuality "1"]

1. d4 Nf6 2. Nf3 g6 3. Nc3 d5 4. Bf4 Bg7 5. e3 0-0 6. Be2 c5 7. Ne5 Nc6 8. a4 cxd4 9. exd4 Bf5 10. 0-0 Rc8 11. g4 Be6 12. Bf3 Nd7 13. h3 Ndxe5 14. dxe5 Nxe5 15. Bxe5 Bxe5 16. Nxd5 Qd6 17. c3 Rfd8 18. Ne3 Qb8 19. Qe2 Kg7 20. Rfd1 Bf6 21. Rxd8 Rxd8 22. Rd1 Rxd1+ 23. Qxd1 Qf4 24. Nd5 Bxd5 25. Qxd5 b6 26. Qe4 Qc1+ 27. Kg2 Qxb2 28. c4 Qb4 29. g5 Bxg5 30. h4 Bf6 31. Qd5 Qxa4 32. h5 Qb4 33. Bg4 Qc5 34. hxg6 Qxd5+ 35. cxd5 hxg6 36. Bd7 Bd4 37. Bb5 Kf6 38. Kf3 Ke5 39. Bc6 a6 40. Ke2 b5 41. f3 b4 42. Kd3 a5 43. Kc4 g5 44. Kb5 b3 45. Kxa5 b2 0-1